An Introduction To Management Science: Quantitative Approaches To Decision Making (Record no. 42997)

MARC details
000 -LEADER
fixed length control field 00406nam a2200121Ia 4500
008 - FIXED-LENGTH DATA ELEMENTS--GENERAL INFORMATION
fixed length control field 241028s9999 xx 000 0 und d
041 ## - LANGUAGE CODE
Language code of text/sound track or separate title eng
082 ## - DEWEY DECIMAL CLASSIFICATION NUMBER
Classification number 658 AND
100 ## - MAIN ENTRY--PERSONAL NAME
Personal name Anderson/ Sweeney/ Williams/ Camm/ Cochran/ Fry/ Ohlmann
245 ## - TITLE STATEMENT
Title An Introduction To Management Science: Quantitative Approaches To Decision Making
260 ## - PUBLICATION, DISTRIBUTION, ETC.
Name of publisher, distributor, etc. Cengage Learning India
Place of publication, distribution, etc. Dehli
Date of publication, distribution, etc. 2019
300 ## - PHYSICAL DESCRIPTION
Extent 760;. P. 27 cm
Holdings
Withdrawn status Lost status Damaged status Not for loan Home library Current library Shelving location Date acquired Cost, normal purchase price Full call number Barcode Date last seen Cost, replacement price Price effective from Koha item type
        IMTN IMTN Rack 22-A 07/03/2024 552.50 658 AND 33426 10/28/2024 850.00 10/28/2024 Books
Designed & Maintained by: LRC IMT Nagpur Contact: lrc@imtnag.ac.in© 2024. All Rights Reserved.